Państwa Neutralne Podczas II Wojny Światowej - Statystyki

Ogólne statystyki
  • Ten quiz został rozwiązany 112 razy
  • Średni wynik to 8 z 12
Statystyki odpowiedzi
Region Odpowiedz % Poprawnych
Europa Północna Szwecja
95%
Europa Zachodnia Szwajcaria
93%
Europa Zachodnia Portugalia
91%
Europa Zachodnia Hiszpania
81%
Europa Północna Islandia
77%
Południowo-Zachodnia Europa Andora
74%
Zachodnia Europa Irlandia
73%
Europa Południowa Watykan
68%
Azja Środkowa Afganistan
49%
Południowo-Zachodnia Azja Jemen
31%
Azja Środkowa Tybet
25%
Europa Zachodnia Lichtenstein
23%
Nie znaleziono quizów pasujących do podanych kryteriów
Rozkład punktacji
Procent ludzi z każdym wynikiem
Percentyl według liczby udzielonych odpowiedzi
Twoja historia wyników
Nie rozwiązałeś tego quizu